Echelle de mots : de Lyon à Paris - Statistiques

Statistiques générales
  • Ce quiz a été pris 280 fois
  • Le résultat moyen est 24 sur 31
Statistiques - réponses
Indice Réponse % Correct
Souvent appelé "le roi de la jungle" Lion
100%
Anciennement appelé "Lugdunum" Lyon
99%
Groupe français fabriquant notamment des Stylos Bic
95%
(-1 lettre) Chanteuse interprète de "Banana Split" Lio
94%
(+1 lettre) Sa tour est penchée Pise
93%
Quand on marche, on fait des... Pas
92%
(-1 lettre) Oiseau au plumage noir et blanc Pie
92%
Hurle Crie
91%
Quand on fait appel a Dieu Prie
91%
Engin de chantier très haut Grue
90%
Se dit d'un produit répondant à certaines exigences comme les pesticides, les engrais, les désherbants Bio
86%
(+1 lettre) Mère de ma mère Mamie
86%
Montée plus ou moins brutale du niveau d'un cours d'eau Crue
85%
Capitale Française Paris
85%
Mamelle Pis
85%
A main ou a dos Sac
85%
Grand récipient Bac
84%
Meilleure copine Amie
83%
Essence spirituelle et immortelle de l'individu Âme
77%
Module pressurisé composé de deux chambres séparées ou entreprise Sas
77%
Brouillard léger Brume
73%
De Médicis ou Antoinette par exemple Marie
71%
Salaire Paie
69%
(+1 lettre) Mise Parie
69%
Cri du cerf en rut Brame
67%
(-1 lettre) Longue barre de bois qu'on manœuvre pour propulser et diriger une embarcation Rame
67%
Chacun des deux côtés d'une feuille de papier Page
54%
(+1 lettre) Dupe, trompe Gruge
52%
(-1 lettre) Personne qui pratique les sciences occultes Mage
51%
Art de produire, par des procédés ou des formules, des phénomènes inexplicables ou qui semblent tels. Magie
50%
Tronc d'arbre non encore équarri Grume
43%
Aucun quiz correspondant
Distribution des résultats
% des personnes avec chaque résultat
Percentile par nombre de réponses
Votre historique - résultats
Vous n’avez pas pris ce quiz